00916nam a2200265 a 450000100060000000300080000600500170001400800410003102000280007203500190010004000270011904100080014608200260015410000270018024500580020726000570026530000340032250000200035650400260037665000280040265000340043094200120046499900170047695201570049358882BD-RjUL20211209080651.0161220s1987 enka b 001 0 eng  a0801834953 (alk. paper) a(BD-RjUL)59006 aDLCcDLCdBD-RjULbeng aeng00a342.02 223bOWT 19871 aOwen, Wilfred.917509510aTransportation and world development /cWilfred Owen. aBaltimore :bJohns Hopkins University Press,cc1987. axiv, 156 p. :bill. ;c24 cm. aIncludes index. aBibliography: p. 149. 0aTransportation.9175096 0aEconomic development.9170469 2ddccBK c58882d58882 00102ddc40718NFICaRUCLbRUCLcReadingd2008-02-06eDhaka paragon enterprises ltd.g25.71l0o388 OWT 1987r2016-12-20 00:00:00tC-1w2021-12-09yBK